| 000 | 00690nam a22001937a 4500 | ||
|---|---|---|---|
| 999 |
_c10233 _d10233 |
||
| 003 | AR-CdUCM | ||
| 008 | 190329b ||||| |||| 00| 0 spa d | ||
| 040 |
_aMUNICIPALIDAD PROVINCIAL DEL CUSCO _cBIBLIOTECA MUNICIPAL DEL CUSCO |
||
| 082 |
_a869.20 / _bG28 / 1943 |
||
| 100 |
_aGattás, Antonio A. _926958 |
||
| 245 | _aRomancero inicial / | ||
| 260 |
_aSan Rafael de Mendoza : _bEl comercio, _c1943. |
||
| 300 |
_a63 páginas ; _c23 cm. |
||
| 505 | _aContenido: Campana en bodas de plata -- Romance de ofrecimiento -- Romance a San Rafael -- Nuestro amor -- Romance a Belgrano ... | ||
| 650 |
_aPoesía Argentina _91657 |
||
| 650 |
_aRomance _9410 |
||
| 942 |
_2ddc _cLIBROS |
||
| 945 | _aacv | ||